Mấy quan điểm về nền móng

Wedi'i Gadw mewn:
Manylion Llyfryddiaeth
Prif Awdur: Nguyễn Văn Đực
Fformat: Llyfr
Iaith:Undetermined
Cyhoeddwyd: hà Nội KHKT 1998
Pynciau:
Tagiau: Ychwanegu Tag
Dim Tagiau, Byddwch y cyntaf i dagio'r cofnod hwn!
Thư viện lưu trữ: Trung tâm Học liệu Trường Đại học Cần Thơ
LEADER 00592nam a2200193Ia 4500
001 CTU_37524
008 210402s9999 xx 000 0 und d
020 |b 15.000đ 
082 |a 624.15 
082 |b Đ552 
100 |a Nguyễn Văn Đực 
245 0 |a Mấy quan điểm về nền móng 
245 0 |c Nguyễn Văn Đực 
260 |a hà Nội 
260 |b KHKT 
260 |c 1998 
650 |a civil engineering,foundations,structural engineering,underground engineering 
904 |i Minh, 000801 
980 |a Trung tâm Học liệu Trường Đại học Cần Thơ